| 000 | 00695nam a22002535a 4500 | ||
|---|---|---|---|
| 001 | 17227290 | ||
| 005 | 20140930081707.0 | ||
| 008 | 120327s2012 cau 000 0 eng | ||
| 010 | _a 2012936251 | ||
| 020 | _a9780857255297 | ||
| 040 |
_aDLC _cDLC |
||
| 042 | _apcc | ||
| 050 |
_aRT 86 _b.G653 2012 |
||
| 100 | 1 | _aGoodman, Benny. | |
| 245 | 1 | 0 |
_aPsychology and sociology in nursing / _cBenny Goodman, Tim Ley. |
| 250 | _a1st ed. | ||
| 260 |
_aThousand Oaks, CA : _bSage Publications, _c2012. |
||
| 263 | _a1206 | ||
| 300 |
_a192 pages : _c24 cm. |
||
| 521 | _aNursing | ||
| 906 |
_a0 _bibc _corignew _d2 _eepcn _f20 _gy-gencatlg |
||
| 942 |
_2lcc _cBK _kFOR |
||
| 999 |
_c275944 _d275944 |
||